[Event "SR 4. liga A21 2011/2012"]
[Site "?"]
[Date "2012.03.11"]
[Round "11.2"]
[White "Bjel, Tomas"]
[Black "Bendzela, Tibor"]
[Result "1-0"]
[WhiteElo "1674"]
[BlackElo "1455"]
[PlyCount "47"]
[EventDate "2011.??.??"]

1. e4 e5 2. Nf3 Nc6 3. Bc4 Nf6 4. d3 Bc5 5. c3 h6 6. b4 Bb6 7. b5 Na5 8. Nxe5
Nxc4 9. Nxc4 d6 10. O-O O-O 11. Nxb6 axb6 12. f4 Qe8 13. c4 Bg4 14. Qe1 Qe7 15.
Bb2 Nd7 16. Qg3 h5 17. h3 Nc5 18. hxg4 hxg4 19. Qxg4 g6 20. f5 Nxd3 21. f6 Qe6
22. Qh4 Nxb2 23. Qh6 Qxf6 24. Rxf6 1-0

[Event "SR 4. liga A21 2011/2012"]
[Site "?"]
[Date "2012.03.11"]
[Round "11.2"]
[White "Dest, Stanislav"]
[Black "Bjel, Lubos"]
[Result "1/2-1/2"]
[WhiteElo "1000"]
[BlackElo "1671"]
[PlyCount "31"]
[EventDate "2011.??.??"]

1. d4 e6 2. Nf3 d5 3. e3 c5 4. c3 Nc6 5. Nbd2 Bd7 6. Bd3 c4 7. Bc2 Bd6 8. O-O
Nge7 9. Re1 O-O 10. e4 Bf4 11. exd5 exd5 12. Nf1 Bxc1 13. Qxc1 Re8 14. Qb1 Ng6
15. Bxg6 hxg6 16. Ne3 1/2-1/2

[Event "SR 4. liga A21 2011/2012"]
[Site "?"]
[Date "2012.03.11"]
[Round "11.2"]
[White "Lanik, Miroslav"]
[Black "Lajda, Dusan"]
[Result "1/2-1/2"]
[WhiteElo "1936"]
[BlackElo "1841"]
[PlyCount "39"]
[EventDate "2011.??.??"]

1. e4 c5 2. Nf3 Nc6 3. d4 cxd4 4. Nxd4 Nf6 5. Nc3 d6 6. Be3 g6 7. f3 Bg7 8. Qd2
a6 9. O-O-O Bd7 10. Kb1 b5 11. h4 Rc8 12. Bd3 Ne5 13. g4 Nc4 14. Bxc4 Rxc4 15.
h5 Nxg4 16. fxg4 Bxg4 17. Rdg1 Bxd4 18. Bxd4 e5 19. Bxe5 f6 20. Rxg4 1/2-1/2

[Event "SR 4. liga A21 2011/2012"]
[Site "?"]
[Date "2012.03.11"]
[Round "11.2"]
[White "Smrek, Peter"]
[Black "Palka, Martin"]
[Result "1/2-1/2"]
[WhiteElo "1892"]
[BlackElo "1876"]
[PlyCount "36"]
[EventDate "2011.??.??"]

1. c4 c5 2. Nc3 Nf6 3. d3 e6 4. Bg5 Be7 5. Nf3 b6 6. g3 Bb7 7. Bg2 O-O 8. O-O
d6 9. e4 Nbd7 10. Qe2 a6 11. Rad1 Qc7 12. Rfe1 Rac8 13. b3 Rfd8 14. d4 cxd4 15.
Nxd4 Qb8 16. f4 h6 17. Bh4 e5 18. Nf5 Bf8 1/2-1/2

[Event "SR 4. liga A21 2011/2012"]
[Site "?"]
[Date "2012.03.11"]
[Round "11.2"]
[White "Tokos, Rastislav"]
[Black "Krchnak, Rudolf"]
[Result "1/2-1/2"]
[WhiteElo "1883"]
[BlackElo "1878"]
[PlyCount "48"]
[EventDate "2011.??.??"]

1. e4 c5 2. Nf3 d6 3. d4 cxd4 4. Nxd4 Nf6 5. Nc3 a6 6. Be3 e5 7. Nb3 Be6 8. Bd3
Be7 9. f3 Nbd7 10. Qe2 Qc7 11. O-O O-O 12. Rfd1 Rac8 13. Qf2 Nc5 14. Nxc5 dxc5
15. a3 c4 16. Be2 b5 17. Bb6 Bc5 18. Bxc5 Qxc5 19. Qxc5 Rxc5 20. Rd6 Ra8 21.
Rad1 Rcc8 22. Rb6 Rcb8 23. Rdd6 Rxb6 24. Rxb6 Kf8 1/2-1/2

[Event "SR 4. liga A21 2011/2012"]
[Site "?"]
[Date "2011.12.28"]
[Round "11.3"]
[White "Baumgartner, Milan"]
[Black "Jarabek, Milan"]
[Result "1/2-1/2"]
[WhiteElo "1592"]
[BlackElo "1573"]
[PlyCount "65"]
[EventDate "2011.??.??"]

1. c4 e5 2. Nc3 Nf6 3. e4 Bc5 4. d3 O-O 5. Bg5 d6 6. h3 Be6 7. Be2 Nbd7 8. Nf3
c6 9. Qd2 Qc7 10. O-O d5 11. exd5 cxd5 12. b3 Bb4 13. a3 Bd6 14. Nb5 Qc6 15.
Nxd6 Qxd6 16. Rfe1 e4 17. dxe4 Nxe4 18. Qe3 Nxg5 19. Nxg5 Rfe8 20. Qd3 Nf6 21.
Rad1 Rad8 22. Qc2 Qf4 23. Qd2 Qxd2 24. Rxd2 Ne4 25. Nxe4 dxe4 26. Rxd8 Rxd8 27.
Bg4 Bxg4 28. hxg4 Rd4 29. f3 Kf8 30. Rxe4 Rd3 31. b4 Rxa3 32. Kf2 Rd3 33. Ke2
1/2-1/2

[Event "SR 4. liga A21 2011/2012"]
[Site "?"]
[Date "2011.12.28"]
[Round "11.3"]
[White "Brisudova, Veronika"]
[Black "Vepy, Ivan"]
[Result "1-0"]
[WhiteElo "1864"]
[BlackElo "1948"]
[PlyCount "67"]
[EventDate "2011.??.??"]

1. e4 e5 2. Nf3 Nc6 3. Bb5 a6 4. Ba4 Nf6 5. O-O Be7 6. Re1 b5 7. Bb3 O-O 8. c3
d6 9. h3 h6 10. d4 exd4 11. cxd4 Bb7 12. Nbd2 Re8 13. Nf1 Nh7 14. Ng3 Bf8 15.
Bd2 Qd7 16. Rc1 Ne7 17. Nh4 Rac8 18. Qh5 d5 19. e5 g6 20. Qe2 Bg7 21. Bc2 Nf8
22. Bb1 Ne6 23. Qg4 c5 24. f4 h5 25. Nxh5 gxh5 26. Qxh5 Nf8 27. f5 f6 28. e6
Qd8 29. Qf7+ Kh8 30. Qh5+ Kg8 31. Rc3 Nh7 32. Rg3 Ng5 33. Bxg5 fxg5 34. Qxg5
1-0

[Event "SR 4. liga A21 2011/2012"]
[Site "?"]
[Date "2011.12.28"]
[Round "11.3"]
[White "Harasta, Juraj"]
[Black "Vogl, Zdenek"]
[Result "0-1"]
[WhiteElo "1719"]
[BlackElo "1928"]
[PlyCount "114"]
[EventDate "2011.??.??"]

1. e4 e5 2. f4 exf4 3. Nf3 d6 4. Bc4 Be6 5. Bb5+ c6 6. Ba4 Nd7 7. d4 g5 8. h4
f6 9. Nc3 b5 10. Bb3 Bxb3 11. axb3 b4 12. Ne2 Qe7 13. Qd3 Bg7 14. Ra6 Nb6 15.
c3 bxc3 16. bxc3 Nh6 17. g3 g4 18. Nh2 f3 19. Nf4 f5 20. Nh5 O-O 21. Nxg7 Kxg7
22. Bxh6+ Kxh6 23. Qe3+ Kg7 24. Kf2 h5 25. e5 dxe5 26. dxe5 Rfe8 27. Re1 Nd5
28. Qd4 Qe6 29. Nf1 Kg6 30. Qc5 Ne7 31. Nd2 Red8 32. Qe3 f4 33. Qxf4 Qf5 34.
Qxf5+ Kxf5 35. Nc4 Rd3 36. Nd6+ Ke6 37. Ne4 Kf5 38. Ra5 Rd5 39. Rxd5 cxd5 40.
Nf6 Nc6 41. Nxd5 Nxe5 42. Nf4 Rc8 43. c4 Rb8 44. Re3 Nc6 45. Nd5 Na5 46. Ne7+
Kf6 47. c5 Rxb3 48. Nd5+ Kf7 49. Rxb3 Nxb3 50. c6 Ke8 51. Nf6+ Kd8 52. Nxh5 a5
53. Nf4 a4 54. Nd5 Nc5 55. h5 a3 56. Ne3 Nd3+ 57. Kf1 Nb4 0-1

[Event "SR 4. liga A21 2011/2012"]
[Site "?"]
[Date "2011.12.28"]
[Round "11.3"]
[White "Harasta, Marian"]
[Black "Hornacek, Vendelin"]
[Result "1-0"]
[WhiteElo "1639"]
[BlackElo "1599"]
[PlyCount "41"]
[EventDate "2011.??.??"]

1. d4 d5 2. c4 e6 3. Qc2 Nc6 4. Nf3 Nf6 5. Nc3 h6 6. e3 Bd7 7. a3 b6 8. b4 Ne7
9. Bb2 Ng6 10. c5 c6 11. Bd3 Ne7 12. Ne5 bxc5 13. dxc5 Qc7 14. Ne2 a5 15. O-O
a4 16. f4 Nfg8 17. Nd4 f6 18. Nxd7 Qxd7 19. b5 e5 20. fxe5 fxe5 21. Bg6+ 1-0

[Event "SR 4. liga A21 2011/2012"]
[Site "?"]
[Date "2011.12.28"]
[Round "11.3"]
[White "Hrubsa, Marian"]
[Black "Berger, Patrik"]
[Result "0-1"]
[WhiteElo "1929"]
[BlackElo "1731"]
[PlyCount "118"]
[EventDate "2011.??.??"]

1. e4 c5 2. Nf3 d6 3. d4 cxd4 4. Nxd4 Nf6 5. Nc3 a6 6. Be2 e5 7. Nb3 Be7 8. O-O
Be6 9. f4 Qc7 10. Be3 O-O 11. f5 Bc4 12. a4 b6 13. Nd2 Bxe2 14. Qxe2 Nbd7 15.
g4 h6 16. Rf2 Qc6 17. Rg2 d5 18. exd5 Nxd5 19. Nxd5 Qxd5 20. c4 Qc6 21. g5 hxg5
22. Bxg5 Bc5+ 23. Kh1 Bd4 24. Ne4 Rac8 25. Qg4 Rc7 26. Be7 Qh6 27. Bg5 Qh7 28.
Rg3 g6 29. f6 Qh5 30. Qxh5 gxh5 31. Bh6+ Kh7 32. Bg7 h4 33. Rg5 Be3 34. Rh5+
Kg6 35. Rxh4 Rfc8 36. Re1 Bf4 37. Rg1+ Kf5 38. Nd6+ Ke6 39. Nxc8 Rxc8 40. b3
Nxf6 41. Rd1 Ne4 42. Re1 Kf5 43. Rh8 Rxh8 44. Bxh8 Nd2 45. Bg7 f6 46. h3 e4 47.
Kg2 e3 48. h4 Nxb3 49. Rb1 e2 50. Kf2 Nc1 51. Rxc1 Bxc1 52. Kxe2 Kg6 53. Bf8
Kh5 54. Bd6 Kxh4 55. a5 bxa5 56. Kf3 Kg5 57. c5 Kf5 58. Be7 Bb2 59. c6 Ke6 0-1

[Event "SR 4. liga A21 2011/2012"]
[Site "?"]
[Date "2012.03.15"]
[Round "11.4"]
[White "Bardik, Jozef"]
[Black "Lezovic, Martin"]
[Result "1-0"]
[WhiteElo "1833"]
[BlackElo "1658"]
[PlyCount "67"]
[EventDate "2011.??.??"]
[TimeControl "1500"]

{319MB, Fritz11.ctg} 1. d4 d5 2. c4 c6 3. Nc3 Nf6 4. e3 Nbd7 5. f4 e6 6. Bd2
Ne4 7. Nf3 Be7 8. g3 f5 9. Nxe4 dxe4 10. Ne5 Nxe5 11. fxe5 O-O 12. Qb3 b6 13.
O-O-O Qc7 14. Kb1 c5 15. h4 Bb7 16. Rh2 Rfd8 17. Bc3 Kh8 18. d5 exd5 19. cxd5
Qd7 20. d6 Bf8 21. Rf2 Bc8 22. Bb5 Qe6 23. Bc4 Qg6 24. Rg1 Bxd6 25. exd6 Qxd6
26. Rd2 Qe7 27. Rxd8+ Qxd8 28. Rd1 Qc7 29. Be5 Qe7 30. Bd6 Qd7 31. Bxc5 Qc7 32.
Bd6 Qd7 33. Bf4 Qe7 34. Bg5 1-0

[Event "SR 4. liga A21 2011/2012"]
[Site "?"]
[Date "2012.03.15"]
[Round "11.4"]
[White "Jablonicky, Martin"]
[Black "Orvisky, Vladimir"]
[Result "1/2-1/2"]
[WhiteElo "1757"]
[BlackElo "1838"]
[PlyCount "122"]
[EventDate "2011.??.??"]

1. d4 d5 2. c4 c6 3. Nf3 Nf6 4. Nc3 dxc4 5. e3 b5 6. a4 Nd5 7. Ne5 Nxc3 8. bxc3
Qd5 9. axb5 e6 10. Be2 Bb7 11. bxc6 Nxc6 12. Bf3 Qb5 13. Nxc6 Bxc6 14. Rb1 Bxf3
15. Qxf3 Qd5 16. e4 Qc6 17. O-O Qc8 18. d5 Bc5 19. Be3 exd5 20. exd5 O-O 21.
Qg3 Bxe3 22. fxe3 Qc5 23. Rbd1 Rad8 24. d6 Rfe8 25. Rd4 Re6 26. Qf3 f6 27. d7
Qc6 28. Qxc6 Rxc6 29. Rf5 Kf7 30. Rff4 Ke7 31. Rfe4+ Re6 32. Rxe6+ Kxe6 33.
Rxc4 Rxd7 34. Rb4 Rc7 35. Rb3 Kd5 36. Kf2 Kc4 37. Ra3 Kd3 38. Kf3 g5 39. h3 Re7
40. Kf2 h5 41. g3 f5 42. Ra5 Rf7 43. Rc5 Ke4 44. Rc8 Rb7 45. Re8+ Kd3 46. Rh8
g4 47. Rxh5 Rb2+ 48. Kf1 Kxe3 49. hxg4 fxg4 50. Rf5 Rc2 51. Rf4 Rxc3 52. Rxg4
Kf3 53. Rf4+ Kxg3 54. Ra4 Kf3 55. Ke1 Ke3 56. Kd1 Rc7 57. Ra3+ Kd4 58. Kd2 Kd5
59. Rd3+ Kc5 60. Rc3+ Kb6 61. Rxc7 Kxc7 1/2-1/2

[Event "SR 4. liga A21 2011/2012"]
[Site "?"]
[Date "2012.03.15"]
[Round "11.4"]
[White "Nemsak, Denis"]
[Black "Kavon, Rastislav"]
[Result "0-1"]
[WhiteElo "1916"]
[BlackElo "1879"]
[PlyCount "66"]
[EventDate "2011.??.??"]

1. d4 Nf6 2. Bf4 e6 3. Nf3 Be7 4. e3 O-O 5. h3 d5 6. Bd3 b6 7. O-O Bb7 8. Nbd2
Nbd7 9. Rc1 c5 10. c3 Rc8 11. Re1 Rc6 12. Bb5 Rc8 13. Bd3 Rc6 14. Bb5 Rc8 15.
Bd3 c4 16. Bb1 Rc6 17. e4 dxe4 18. Nxe4 Qa8 19. Ne5 Rcc8 20. Nxd7 Nxd7 21. Bg5
Bxg5 22. Nxg5 Nf6 23. Qc2 g6 24. f3 Rfe8 25. Qd2 Kg7 26. Qf4 Qb8 27. Re5 Qc7
28. Rce1 Bd5 29. Be4 h6 30. h4 hxg5 31. hxg5 Nd7 32. Kf2 Bxe4 33. R1xe4 Rh8 0-1

[Event "SR 4. liga A21 2011/2012"]
[Site "?"]
[Date "2012.03.15"]
[Round "11.4"]
[White "Sahidi, Samir"]
[Black "Matejovic, Ludovit"]
[Result "1-0"]
[WhiteElo "1449"]
[BlackElo "1691"]
[PlyCount "81"]
[EventDate "2011.??.??"]

1. e4 e5 2. Nf3 Nc6 3. Bc4 Bc5 4. O-O d6 5. d3 h6 6. h3 f5 7. exf5 Bxf5 8. Be3
Bxe3 9. fxe3 Nf6 10. e4 Bh7 11. Nc3 Na5 12. Bb5+ c6 13. Ba4 b5 14. Bb3 Nxb3 15.
axb3 Qb6+ 16. Kh1 O-O 17. Qe2 Nh5 18. Qf2 Qxf2 19. Rxf2 a6 20. Ne2 Nf4 21. Nxf4
Rxf4 22. g3 Rf6 23. Kg2 g5 24. g4 Kf7 25. Nd2 Rxf2+ 26. Kxf2 Ke6 27. Ke3 d5 28.
Rf1 d4+ 29. Ke2 Ke7 30. Nf3 Ke6 31. Kd2 Rf8 32. Nxg5+ Ke7 33. Rxf8 Kxf8 34.
Nxh7+ Kg7 35. Ke2 Kxh7 36. Kf3 Kg6 37. Kg3 h5 38. h4 a5 39. gxh5+ Kxh5 40. Kh3
c5 41. Kg3 1-0

[Event "SR 4. liga A21 2011/2012"]
[Site "?"]
[Date "2012.03.15"]
[Round "11.4"]
[White "Sedlak, Rastislav"]
[Black "Capanda, Jan"]
[Result "1/2-1/2"]
[WhiteElo "1610"]
[BlackElo "1000"]
[PlyCount "123"]
[EventDate "2011.??.??"]

1. e4 Nf6 2. Nc3 d5 3. e5 Nfd7 4. d4 e6 5. Nf3 c5 6. Be3 Nc6 7. Bb5 cxd4 8.
Bxd4 a6 9. Be2 Qc7 10. O-O Ndxe5 11. Bxe5 Nxe5 12. Nxe5 Qxe5 13. Re1 Qd6 14.
Bf3 Be7 15. a3 O-O 16. Qd2 Bd7 17. g3 Bc6 18. Rad1 Rad8 19. Bg2 Qc7 20. Ne2 Bf6
21. c3 h6 22. Nd4 Qb6 23. b4 Ba4 24. Rb1 Rc8 25. h4 Rc7 26. Rbc1 Rfc8 27. Ne2
Bb5 28. Nd4 Bxd4 29. cxd4 Rxc1 30. Rxc1 Rxc1+ 31. Qxc1 Bc4 32. Qc3 Qc6 33. f4
Qa4 34. Bf3 Qb3 35. Qxb3 Bxb3 36. Kf2 Kf8 37. Ke3 Bc4 38. a4 b6 39. g4 f6 40.
Bd1 Ke7 41. Bc2 Kd6 42. h5 Ba2 43. Bd3 Bb3 44. Bxa6 Bxa4 45. Bd3 e5 46. Be2 e4
47. f5 Kc6 48. Kd2 Bb5 49. Bd1 Bf1 50. Ba4+ Kd6 51. Bd1 Bc4 52. Ke3 Bd3 53. Kd2
Bf1 54. Ke3 Kc6 55. Ba4+ Kb7 56. Bb3 Bc4 57. Bxc4 dxc4 58. Kxe4 b5 59. d5 Kc7
60. Ke3 Kd7 61. Ke4 Ke7 62. Ke3 1/2-1/2

[Event "SR 4. liga A21 2011/2012"]
[Site "?"]
[Date "2012.03.11"]
[Round "11.5"]
[White "Cerovsky, Marian"]
[Black "Planka, Peter"]
[Result "1/2-1/2"]
[WhiteElo "1733"]
[BlackElo "1831"]
[PlyCount "46"]
[EventDate "2011.??.??"]

1. e4 e5 2. Nc3 Nc6 3. Nf3 Nf6 4. Bc4 Be7 5. d3 O-O 6. a3 d6 7. h3 a6 8. O-O
Nd4 9. Nxd4 exd4 10. Ne2 c5 11. Bd2 b5 12. Ba2 Bb7 13. Ng3 Qc7 14. Nf5 Rfe8 15.
Bf4 Bc8 16. Nxe7+ Qxe7 17. Qd2 Be6 18. Bxe6 fxe6 19. Bh2 Rf8 20. Rae1 e5 21. f4
Nd7 22. fxe5 dxe5 23. Rxf8+ Rxf8 1/2-1/2

[Event "SR 4. liga A21 2011/2012"]
[Site "?"]
[Date "2012.03.11"]
[Round "11.5"]
[White "Danihel, Jozef"]
[Black "Sprusansky, Ferdinand"]
[Result "1-0"]
[WhiteElo "1546"]
[BlackElo "1445"]
[PlyCount "33"]
[EventDate "2011.??.??"]

1. d4 d5 2. Nd2 Nc6 3. e3 e5 4. dxe5 Nxe5 5. h3 Nf6 6. a3 a6 7. Ngf3 Nc6 8. Be2
Be7 9. b3 Bf5 10. Bb2 O-O 11. Nd4 Nxd4 12. exd4 Re8 13. O-O Qd6 14. Nf3 b5 15.
a4 Ne4 16. Ne5 Nc3 17. Bxc3 1-0

[Event "SR 4. liga A21 2011/2012"]
[Site "?"]
[Date "2012.03.11"]
[Round "11.5"]
[White "Dubecky, Ladislav"]
[Black "Leska, Marian"]
[Result "1/2-1/2"]
[WhiteElo "1574"]
[BlackElo "1701"]
[PlyCount "56"]
[EventDate "2011.??.??"]

1. e4 e6 2. f4 d5 3. e5 c5 4. Bb5+ Bd7 5. Bxd7+ Qxd7 6. Nf3 Nc6 7. O-O c4 8. d4
cxd3 9. cxd3 Bc5+ 10. d4 Bb6 11. Be3 Nge7 12. Nh4 Ng6 13. Nxg6 hxg6 14. Nc3 O-O
15. Qd3 Nb4 16. Qe2 f5 17. Nb5 Rac8 18. Rfc1 Rxc1+ 19. Rxc1 Rc8 20. Nc3 Rc4 21.
Qd2 Qc8 22. a3 Na6 23. Ne2 Rxc1+ 24. Nxc1 Qc4 25. Ne2 Nc7 26. Nc3 Nb5 27. Nxb5
Qxb5 28. Qc3 Qd7 1/2-1/2

[Event "SR 4. liga A21 2011/2012"]
[Site "?"]
[Date "2012.03.11"]
[Round "11.5"]
[White "Hudacek, Josef"]
[Black "Kovarik, Oto"]
[Result "1/2-1/2"]
[WhiteElo "2046"]
[BlackElo "2018"]
[PlyCount "23"]
[EventDate "2011.??.??"]

1. e4 c5 2. Nc3 Nc6 3. g3 e6 4. Bg2 g6 5. Nge2 Bg7 6. O-O Nge7 7. f4 d6 8. d3
O-O 9. g4 f5 10. h3 d5 11. e5 d4 12. Nb1 1/2-1/2

[Event "SR 4. liga A21 2011/2012"]
[Site "?"]
[Date "2012.03.11"]
[Round "11.5"]
[White "Vach, Jozef"]
[Black "Damborsky, Pavol"]
[Result "1/2-1/2"]
[WhiteElo "1861"]
[BlackElo "1769"]
[PlyCount "33"]
[EventDate "2011.??.??"]

1. d4 d5 2. c4 dxc4 3. Nc3 c6 4. a4 Be6 5. e4 Nf6 6. Bg5 Nbd7 7. d5 cxd5 8.
exd5 Nxd5 9. Nb5 a6 10. Nd4 Nc7 11. Bf4 Nb6 12. Nge2 Bd5 13. Nc3 e6 14. a5 Nd7
15. f3 Bb4 16. Bxc7 Qxc7 17. Be2 1/2-1/2

[Event "SR 4. liga A21 2011/2012"]
[Site "?"]
[Date "2012.03.11"]
[Round "11.6"]
[White "Gavlas, Jakub"]
[Black "Podjavorinsky, Michal"]
[Result "1/2-1/2"]
[WhiteElo "1464"]
[BlackElo "1000"]
[PlyCount "49"]
[EventDate "2011.??.??"]

1. e4 d5 2. exd5 Qxd5 3. Nc3 Qa5 4. d4 c6 5. Nf3 Bg4 6. Be2 Nd7 7. h3 Bxf3 8.
Bxf3 Ngf6 9. Bd2 Qb6 10. d5 cxd5 11. Nxd5 Nxd5 12. Bxd5 e6 13. Qe2 Be7 14. Bf3
Qxb2 15. Qd1 Bb4 16. O-O Bxd2 17. Qxd2 Ne5 18. Be4 Rd8 19. Qe3 Nc6 20. c3 Qd2
21. Qc5 Qd6 22. Bxc6+ Qxc6 23. Qxa7 Qxc3 24. Qxb7 O-O 25. a4 1/2-1/2

[Event "SR 4. liga A21 2011/2012"]
[Site "?"]
[Date "2012.03.11"]
[Round "11.6"]
[White "Pericka, Pavol"]
[Black "Holan, Jaroslav"]
[Result "0-1"]
[WhiteElo "1743"]
[BlackElo "1463"]
[PlyCount "64"]
[EventDate "2011.??.??"]

1. e4 d5 2. exd5 Qxd5 3. Nc3 Qa5 4. Bc4 c6 5. Nf3 Bg4 6. Qe2 e6 7. O-O Nf6 8.
d3 Nbd7 9. Bf4 Bb4 10. Ne4 Nxe4 11. Qxe4 Nf6 12. Qe3 O-O 13. Ne5 Bf5 14. Bg5
Ng4 15. Nxg4 Bxg4 16. Bf4 Rad8 17. Qg3 Bh5 18. Bc7 Qf5 19. Bxd8 Rxd8 20. h3 Bd6
21. Qh4 Bc7 22. Rae1 b5 23. Bb3 Bg6 24. Qe7 Bb6 25. Rxe6 h6 26. Rxc6 Rd7 27.
Qe8+ Kh7 28. g4 Qf3 29. Rxb6 Rd4 30. Rxg6 Kxg6 31. Qe5 Rf4 32. Bd5 Rxg4+ 0-1

[Event "SR 4. liga A21 2011/2012"]
[Site "?"]
[Date "2012.03.11"]
[Round "11.6"]
[White "Podjavorinsky, Peter"]
[Black "Skapik, Branislav"]
[Result "1/2-1/2"]
[WhiteElo "1733"]
[BlackElo "1848"]
[PlyCount "55"]
[EventDate "2011.??.??"]

1. e4 d5 2. exd5 Nf6 3. Nc3 Nxd5 4. Bc4 Nxc3 5. Qf3 e6 6. Qxc3 Nc6 7. Nf3 Bd7
8. O-O Rg8 9. a3 g5 10. d4 g4 11. Ne1 Bg7 12. Be3 Qf6 13. Rd1 h5 14. Qd2 Qe7
15. f4 O-O-O 16. b4 Be8 17. c3 e5 18. d5 exf4 19. Bxf4 Qe4 20. Qd3 Qxd3 21.
Rxd3 Ne5 22. Bxe5 Bxe5 23. Nc2 b5 24. Bb3 f5 25. d6 Rg6 26. Rxf5 Bxd6 27. Nd4
Rh6 28. g3 1/2-1/2

[Event "SR 4. liga A21 2011/2012"]
[Site "?"]
[Date "2012.03.11"]
[Round "11.6"]
[White "Tomasovic, Martin"]
[Black "Sadlon, Matus"]
[Result "0-1"]
[WhiteElo "1490"]
[BlackElo "1608"]
[PlyCount "116"]
[EventDate "2011.??.??"]

1. e4 e6 2. d4 d5 3. Nc3 Bb4 4. exd5 exd5 5. Bd2 Nf6 6. Nf3 O-O 7. Bd3 Re8+ 8.
Ne2 Nc6 9. O-O Bg4 10. Ne5 Bxd2 11. Nxc6 bxc6 12. Qxd2 Qe7 13. f3 Bd7 14. Nf4
Qe3+ 15. Qxe3 Rxe3 16. Rfe1 Rae8 17. Kf2 Rxe1 18. Rxe1 Rxe1 19. Kxe1 Kf8 20.
Kf2 Ke7 21. g4 h6 22. h4 g5 23. hxg5 hxg5 24. Ne2 Ne8 25. c3 Nd6 26. Kg3 f5 27.
gxf5 Nxf5+ 28. Bxf5 Bxf5 29. Nc1 Kf6 30. a3 Bc2 31. Na2 Ba4 32. Nb4 Bb5 33. b3
a5 34. Nc2 Bd3 35. Ne3 Bg6 36. Ng4+ Kf5 37. Nh6+ Kf6 38. Kg4 Be8 39. Kg3 Kg6
40. Ng4 Kf5 41. Ne5 Kf6 42. Nd3 Bd7 43. a4 Ke7 44. b4 axb4 45. Nxb4 Kd6 46. a5
c5 47. dxc5+ Kxc5 48. a6 Bc8 49. a7 Bb7 50. Kg4 d4 51. Nd3+ Kc4 52. cxd4 Kxd3
53. Kxg5 Bxf3 54. Kf4 Bb7 55. Ke5 Kc4 56. d5 Bxd5 57. Kf4 Kd3 58. Ke5 Bb7 0-1

[Event "SR 4. liga A21 2011/2012"]
[Site "?"]
[Date "2012.03.11"]
[Round "11.6"]
[White "Varga, Adam"]
[Black "Galik, Martin"]
[Result "1/2-1/2"]
[WhiteElo "1000"]
[BlackElo "1394"]
[PlyCount "126"]
[EventDate "2011.??.??"]

1. e4 e5 2. Nf3 Nc6 3. d4 exd4 4. Nxd4 Nf6 5. Nxc6 bxc6 6. Bd3 Bc5 7. Bg5 O-O
8. O-O Re8 9. Re1 d6 10. Nd2 Rb8 11. b3 Bd4 12. Rc1 Bc3 13. Re3 Bd4 14. Rg3 Be5
15. f4 Bd4+ 16. Kh1 Bf2 17. Rf3 Bg4 18. Qf1 Bxf3 19. Qxf2 Bh5 20. Qh4 Rb5 21.
Re1 Ra5 22. a4 h6 23. Bxf6 Qxf6 24. Qxf6 gxf6 25. Re3 Bg6 26. Rg3 Rh5 27. f5
Kg7 28. fxg6 fxg6 29. h3 Rg5 30. Kh2 d5 31. Rxg5 hxg5 32. exd5 cxd5 33. Nf3 c5
34. Bb5 Re3 35. Bd3 a5 36. Kg1 Kf7 37. Kf2 Re7 38. c4 dxc4 39. Bxc4+ Kg7 40.
Nd2 f5 41. Kg3 Kf6 42. Nf3 Re4 43. h4 gxh4+ 44. Nxh4 g5 45. Nxf5 Kxf5 46. Bd3
Ke5 47. Bxe4 Kxe4 48. Kg4 Kd3 49. Kxg5 Kc3 50. g4 Kxb3 51. Kf5 c4 52. g5 c3 53.
g6 c2 54. g7 c1=Q 55. g8=Q+ Qc4 56. Qxc4+ Kxc4 57. Ke4 Kb4 58. Kd3 Kxa4 59. Kc2
Ka3 60. Kb1 Kb3 61. Ka1 a4 62. Kb1 a3 63. Ka1 a2 1/2-1/2

[Event "SR 4. liga A21 2013/2014"]
[Site "?"]
[Date "2013.10.06"]
[Round "1.1"]
[White "Hirmajer, Jan"]
[Black "Podjavorinsky, Michal"]
[Result "1-0"]
[WhiteElo "1957"]
[BlackElo "1719"]
[PlyCount "65"]
[EventDate "2013.??.??"]

1. c4 g6 2. Nc3 Bg7 3. g3 Nf6 4. Bg2 O-O 5. e3 d6 6. Nge2 e5 7. O-O c6 8. d4
Nbd7 9. b4 Re8 10. a4 e4 11. a5 d5 12. Qb3 Nf8 13. Nf4 Ne6 14. Nfe2 Ng5 15. b5
Bh3 16. cxd5 Bxg2 17. Kxg2 Qd7 18. Nf4 Nh5 19. Nce2 cxd5 20. h4 Nxf4+ 21. Nxf4
Ne6 22. Nxd5 g5 23. hxg5 Nxg5 24. Nf4 Qg4 25. Qd1 Nf3 26. Ba3 Bh6 27. Rh1 Bxf4
28. exf4 Rad8 29. Bc5 Rd5 30. Rh6 Re6 31. Qh1 Rxh6 32. Qxh6 Rh5 33. Qf8# 1-0

[Event "SR 4. liga A21 2013/2014"]
[Site "?"]
[Date "2013.10.06"]
[Round "1.1"]
[White "Miciak, Emanuel"]
[Black "Bjel, Lubos"]
[Result "1-0"]
[WhiteElo "1896"]
[BlackElo "1754"]
[PlyCount "29"]
[EventDate "2013.??.??"]

1. d4 e6 2. c4 d5 3. Nf3 Nf6 4. Bg5 Be7 5. e3 Ne4 6. Bxe7 Qxe7 7. Qc2 Nc6 8. a3
O-O 9. Bd3 f5 10. Nc3 Nd6 11. cxd5 exd5 12. Nxd5 Qf7 13. Nf4 Be6 14. Ng5 Bb3
15. Qc3 1-0

[Event "SR 4. liga A21 2013/2014"]
[Site "?"]
[Date "2013.10.06"]
[Round "1.1"]
[White "Lajda, Dusan"]
[Black "Bajcar, Pavol"]
[Result "1/2-1/2"]
[WhiteElo "1863"]
[BlackElo "1745"]
[PlyCount "36"]
[EventDate "2013.??.??"]

1. e4 b6 2. d4 Bb7 3. Bd3 e6 4. Nc3 c5 5. dxc5 Bxc5 6. Nf3 Ne7 7. O-O d5 8.
exd5 Nxd5 9. Bb5+ Nd7 10. Ne5 N5f6 11. Bg5 Bc8 12. Ne4 Be7 13. Bxf6 Bxf6 14.
Nd6+ Kf8 15. Nc6 Qc7 16. Nxc8 Rxc8 17. Nb4 Nc5 18. c3 g6 1/2-1/2

[Event "SR 4. liga A21 2013/2014"]
[Site "?"]
[Date "2013.10.06"]
[Round "1.1"]
[White "Podjavorinsky, Peter"]
[Black "Bjel, Jan"]
[Result "0-1"]
[WhiteElo "1707"]
[BlackElo "1859"]
[PlyCount "60"]
[EventDate "2013.??.??"]

1. e4 c5 2. Nf3 Nc6 3. d4 cxd4 4. Nxd4 d6 5. Nc3 Nf6 6. Be2 g6 7. O-O Bg7 8.
Be3 O-O 9. f4 a6 10. f5 Qb6 11. Na4 Qa7 12. Bf2 Nxe4 13. Nxc6 Nxf2 14. Nxa7
Nxd1 15. Nxc8 Bd4+ 16. Kh1 Nf2+ 17. Kg1 Raxc8 18. Rxf2 Bxf2+ 19. Kxf2 Rxc2 20.
g4 Rfc8 21. Nb6 R8c6 22. Nd5 R6c5 23. Nxe7+ Kf8 24. fxg6 hxg6 25. Nxg6+ fxg6
26. Kf3 Rxb2 27. h4 Rc3+ 28. Kf2 Rcc2 29. Re1 Rxa2 30. Kf3 Rxe2 0-1

[Event "SR 4. liga A21 2013/2014"]
[Site "?"]
[Date "2013.10.06"]
[Round "1.1"]
[White "Bjel, Tomas"]
[Black "Madzo, Anton"]
[Result "1/2-1/2"]
[WhiteElo "1674"]
[BlackElo "1611"]
[PlyCount "52"]
[EventDate "2013.??.??"]

1. e4 Nc6 2. d4 d5 3. e5 e6 4. Bb5 Bd7 5. Bxc6 Bxc6 6. Ne2 Bb5 7. Nbc3 Bxe2 8.
Qxe2 c6 9. O-O Be7 10. Qg4 g6 11. a3 Qd7 12. f4 O-O-O 13. Qe2 h5 14. Na4 Nh6
15. b4 Nf5 16. Qd3 b5 17. Nc5 Bxc5 18. bxc5 Qb7 19. Bd2 Kd7 20. Rfb1 a6 21. a4
Ra8 22. c3 Qc7 23. Ra2 Ra7 24. Kf2 Rha8 25. Rb3 Qd8 26. g3 Qc7 1/2-1/2

[Event "SR 4. liga A21 2013/2014"]
[Site "?"]
[Date "2013.10.06"]
[Round "1.2"]
[White "Gono, Michal"]
[Black "Gasa, Patrik"]
[Result "0-1"]
[WhiteElo "1941"]
[BlackElo "1956"]
[PlyCount "134"]
[EventDate "2013.??.??"]

1. Nf3 c5 2. g3 Nc6 3. Bg2 g6 4. d4 cxd4 5. Nxd4 Bg7 6. Nxc6 bxc6 7. c3 Nf6 8.
O-O O-O 9. Bg5 d5 10. Nd2 Bb7 11. Qb3 Qc7 12. Rfe1 c5 13. e4 e6 14. exd5 Bxd5
15. Bxd5 Nxd5 16. Qc4 Rab8 17. Rab1 Rbc8 18. Qh4 Rfe8 19. Ne4 c4 20. Bh6 Qe7
21. Bxg7 Kxg7 22. Ng5 h6 23. Qd4+ Qf6 24. Nf3 Qxd4 25. Nxd4 e5 26. Nb5 Rc5 27.
Na3 f5 28. Rbd1 Kf6 29. Nxc4 Nxc3 30. Rd6+ Re6 31. Rxe6+ Kxe6 32. bxc3 Rxc4 33.
Rc1 Ra4 34. Rc2 Kd5 35. Kf1 Kc4 36. Ke2 Ra5 37. Ke3 Ra3 38. Kd2 g5 39. Rb2 Rxc3
40. a4 Rb3 41. Rc2+ Kd4 42. Ke2 e4 43. Rc6 Rb2+ 44. Kf1 Rb6 45. Rc7 Ra6 46. Rf7
Ke5 47. Rh7 f4 48. Re7+ Kf5 49. g4+ Kxg4 50. Rxe4 Kf3 51. Rb4 Rc6 52. Rb3+ Kg4
53. Kg2 Rc4 54. h3+ Kh4 55. Ra3 a5 56. Ra2 h5 57. Ra3 g4 58. hxg4 hxg4 59. Ra1
Rc2 60. Rh1+ Kg5 61. Rh8 g3 62. Rg8+ Kf5 63. Rf8+ Ke5 64. Re8+ Kd6 65. Ra8
Rxf2+ 66. Kg1 Ra2 67. Rxa5 f3 0-1